Cities of Solano County, California - Statistics

General Stats
  • This quiz has been taken 19 times
  • The average score is 6 of 7
Answer Stats
Population Answer % Correct
102,526 Vacaville
100%
122,807 Vallejo
100%
120,768 Fairfield
91%
26,429 Benicia
82%
19,309 Dixon
82%
28,743 Suisun City
82%
10,145 Rio Vista
73%
No matching quizzes found
Score Distribution
Percent of People with Each Score
Percentile by Number Answered
Your Score History
You have not taken this quiz